Perpetua Wanjiru Macharia: An Educational Ambassador (Record no. 3917)
| 000 -LEADER | |
|---|---|
| fixed length control field | 00623nam a22001937a 4500 |
| 003 - CONTROL NUMBER IDENTIFIER | |
| control field | OSt |
| 005 - DATE AND TIME OF LATEST TRANSACTION | |
| control field | 20170516125810.0 |
| 008 - FIXED-LENGTH DATA ELEMENTS--GENERAL INFORMATION | |
| fixed length control field | 170516b xxu||||| |||| 00| 0 eng d |
| 020 ## - INTERNATIONAL STANDARD BOOK NUMBER | |
| International Standard Book Number | 9789966015495 |
| 050 ## - LIBRARY OF CONGRESS CALL NUMBER | |
| Classification number | LC71.2.P47 2017 |
| 110 ## - MAIN ENTRY--CORPORATE NAME | |
| Corporate name or jurisdiction name as entry element | Perpetua Wanjiru Macharia Foundation |
| 245 ## - TITLE STATEMENT | |
| Title | Perpetua Wanjiru Macharia: An Educational Ambassador |
| Statement of responsibility, etc | Perpetua Wanjiru Macharia Foundation |
| 260 ## - PUBLICATION, DISTRIBUTION, ETC. (IMPRINT) | |
| Place of publication, distribution, etc | Perpetua Wanjiru Macharia Foundation |
| Name of publisher, distributor, etc | Nairobi CUEA Press |
| Date of publication, distribution, etc | 2017 |
| 300 ## - PHYSICAL DESCRIPTION | |
| Extent | xvi, 197 p |
| Other physical details | ill |
| 504 ## - BIBLIOGRAPHY, ETC. NOTE | |
| Bibliography, etc | Includes appendix and index |
| 610 ## - SUBJECT ADDED ENTRY--CORPORATE NAME | |
| Corporate name or jurisdiction name as entry element | |
| 710 ## - ADDED ENTRY--CORPORATE NAME | |
| Corporate name or jurisdiction name as entry element | Perpetua Wanjiru Macharia Foundation |
| 942 ## - ADDED ENTRY ELEMENTS (KOHA) | |
| Source of classification or shelving scheme | |
| Koha item type | Book |
| Withdrawn status | Lost status | Source of classification or shelving scheme | Damaged status | Not for loan | Home library | Current library | Shelving location | Date acquired | Total Checkouts | Full call number | Barcode | Date last seen | Date checked out | Copy number | Price effective from | Koha item type |
|---|---|---|---|---|---|---|---|---|---|---|---|---|---|---|---|---|
| Riara University Library | Riara University Library | General stack | 16/05/2017 | 1 | LC71.2.P47 2017 | 8962/17 | 23/06/2017 | 16/06/2017 | C.1 | 16/05/2017 | Book | |||||
| Riara University Library | Riara University Library | General stack | 16/05/2017 | LC71.2.P47 2017 | 8963/17 | 16/05/2017 | C.2 | 16/05/2017 | Book |
